[Event "Helsingor Xtracon op"]
[Site "Helsingor"]
[Date "2019.07.24"]
[Round "6"]
[White "Bredeli, Havard Iversen"]
[Black "Willard, Hakan"]
[Result "0-1"]
[WhiteElo "1397"]
[BlackElo "1614"]
[PlyCount "108"]
[EventDate "2019.07.20"]
[EventType "swiss"]
[EventRounds "10"]
[EventCountry "DEN"]
[SourceTitle "CBM 191 Extra"]
[Source "ChessBase"]
[SourceDate "2019.09.30"]
[SourceVersion "1"]
[SourceVersionDate "2019.09.30"]
[SourceQuality "1"]

1. d4 Nf6 2. Nf3 d5 3. c4 e6 4. Nc3 Be7 5. Bf4 a6 6. e3 0-0 7. Bd3 Nbd7 8. 0-0 dxc4 9. Bxc4 Nh5 10. Ne2 b5 11. Bd3 Bb7 12. Ne5 Nxf4 13. exf4 c5 14. Nxd7 Qxd7 15. dxc5 Qd5 16. f3 Bxc5+ 17. Kh1 f5 18. Bc2 Qxd1 19. Rfxd1 Rfd8 20. Bb3 Kf7 21. Rac1 Bb6 22. Ng3 g6 23. Re1 Rd6 24. Re2 Rad8 25. h4 Kf6 26. h5 Bc8 27. Rce1 Ba5 28. Rc1 Bd2 29. Rd1 Bxf4 30. Rxd6 Rxd6 31. Nf1 gxh5 32. g3 Bh6 33. Bc2 Bb7 34. Rf2 Bd5 35. b3 Bc1 36. Kh2 h6 37. g4 Bf4+ 38. Kh3 h4 39. Kxh4 Bg5+ 40. Kh3 f4 41. Nd2 Rc6 42. Ne4+ Ke5 43. Nxg5 hxg5 44. Bd1 b4 45. Rh2 Rc1 46. Rd2 Rc3 47. Kg2 Kd6 48. Be2 Kc5 49. Kf2 e5 50. Bd3 a5 51. Ke2 Rc1 52. Rc2+ Rxc2+ 53. Bxc2 Kd4 54. Bd3 Kc3 0-1

[Event "Helsingor Xtracon op"]
[Site "Helsingor"]
[Date "2019.07.21"]
[Round "2"]
[White "Bredeli, Havard Iversen"]
[Black "Kvaloy, Aksel Bu"]
[Result "0-1"]
[WhiteElo "1397"]
[BlackElo "2205"]
[PlyCount "52"]
[EventDate "2019.07.20"]
[EventType "swiss"]
[EventRounds "10"]
[EventCountry "DEN"]
[SourceTitle "CBM 191 Extra"]
[Source "ChessBase"]
[SourceDate "2019.09.30"]
[SourceVersion "1"]
[SourceVersionDate "2019.09.30"]
[SourceQuality "1"]

1. d4 Nf6 2. Nf3 c5 3. e3 g6 4. c4 Bg7 5. Nc3 0-0 6. Be2 cxd4 7. exd4 d5 8. 0-0 Nc6 9. Be3 e6 10. Ne5 Nxe5 11. dxe5 Ne4 12. Bd4 Nxc3 13. Bxc3 b6 14. f4 Bb7 15. cxd5 exd5 16. Bf3 Qc8 17. Bxd5 Qc5+ 18. Rf2 Bxd5 19. Qe1 Rfd8 20. Bb4 Qc6 21. Rc1 Qb7 22. Bd6 Rac8 23. Rd2 Rxc1 24. Qxc1 Bf8 25. Qc7 Qxc7 26. Bxc7 Bc5+ 0-1

[Event "Helsingor Xtracon op"]
[Site "Helsingor"]
[Date "2017.07.22"]
[Round "1"]
[White "Skovgaard, Ib"]
[Black "Bredeli, Havard Iversen"]
[Result "1-0"]
[WhiteElo "2016"]
[BlackElo "1443"]
[PlyCount "33"]
[EventDate "2017.07.22"]
[EventType "swiss"]
[EventRounds "10"]
[EventCountry "DEN"]
[SourceTitle "CBM 179 Extra"]
[Source "ChessBase"]
[SourceDate "2017.08.23"]
[SourceVersion "1"]
[SourceVersionDate "2017.08.23"]
[SourceQuality "1"]

1. e4 e6 2. d4 d5 3. Nd2 Nf6 4. e5 Nfd7 5. Bd3 c5 6. c3 Nc6 7. Ndf3 Qb6 8. a3 cxd4 9. cxd4 Nxd4 10. Nxd4 Qxd4 11. Nf3 Qb6 12. Qa4 Bc5 13. 0-0 0-0 14. Bxh7+ Kh8 15. Qh4 f6 16. Bg6+ Kg8 17. Qh7# 1-0

[Event "Politiken Cup 37th"]
[Site "Helsingor"]
[Date "2015.07.31"]
[Round "8"]
[White "Biasi, Grace"]
[Black "Bredeli, Havard Iversen"]
[Result "1-0"]
[WhiteElo "1649"]
[BlackElo "1346"]
[PlyCount "65"]
[EventDate "2015.07.25"]
[EventType "swiss"]
[EventRounds "10"]
[EventCountry "DEN"]
[SourceTitle "CBM 167 Extra"]
[Source "ChessBase"]
[SourceDate "2015.09.14"]
[SourceVersion "1"]
[SourceVersionDate "2015.09.14"]
[SourceQuality "1"]

1. e4 e6 2. d3 d5 3. Nd2 Nc6 4. c3 Nf6 5. Ngf3 dxe4 6. dxe4 e5 7. Bb5 Bd6 8. 0-0 Bd7 9. Re1 a6 10. Ba4 0-0 11. Bc2 Bc5 12. Nf1 Bg4 13. Qe2 Qe7 14. h3 Be6 15. Ng5 Nd8 16. Nxe6 Nxe6 17. Ng3 g6 18. Bh6 Rfd8 19. Qf3 Ne8 20. Bb3 Nd6 21. Qg4 Qf6 22. Re2 Re8 23. Rf1 Nf4 24. Rd2 Kh8 25. Bg5 Qg7 26. Qh4 Qf8 27. Bf6+ Kg8 28. Qg4 Qh6 29. Rdd1 Ne6 30. Nf5 Nxf5 31. exf5 Qf4 32. fxe6 Qxg4 33. exf7+ 1-0